00319nam a2200121Ia 4500008004100000040001700041041001200058082001700070100001600087245006100103260002200164300001100186230917s9999||||xx |||||||||||||| ||und|| e131183aMAIN aEnglish a891.21 K178K akavita Rani 0aKavi Medhvartacharya ki kartiyon ka samikshtmak adhyayan aRohtakbMDUc3103 a257 p.